| 000 | 00849cam a2200313 4500 | ||
|---|---|---|---|
| 008 | 090401t1994 xxu||||| |||| 00| 0 eng d | ||
| 020 | _a0851256260 | ||
| 035 | _a(Sirsi) u37528 | ||
| 041 | _aeng | ||
| 050 | _a694.012 | ||
| 100 | _aBerry, R.W. | ||
| 245 | _aRemedial treatment of wood rot and insect attack in buildings. | ||
| 260 |
_aGarston, Watford _bBuilding Research Establishment _c1994 |
||
| 300 | _ax,122p. : ill. ; 25cm. | ||
| 350 | _a25 | ||
| 490 |
_aBRE Building Renewal _v256 |
||
| 650 | _aDAMP | ||
| 650 | _aDECAY | ||
| 650 | _aFUNGI | ||
| 650 | _aINSECT DAMAGE | ||
| 650 | _aTIMBER | ||
| 650 | _aWOOD PRESERVATIVES | ||
| 650 | _aWOOD ROT | ||
| 650 | _aWOOD-BORING INSECTS | ||
| 690 | _aBUILT ENVIRONMENT-BUILDING PATHOLOGY | ||
| 710 | _aBuilding Research Establishment | ||
| 942 | _n0 | ||
| 948 | _c04/03/1997 | ||
| 999 |
_c90491 _d90491 |
||